Central Library OPAC University of Rajshahi

বাংলাদেশের অর্থনীতি / (Record no. 38246)

MARC details
000 -LEADER
fixed length control field 01217nam a2200265 a 4500
001 - CONTROL NUMBER
control field 38246
003 - CONTROL NUMBER IDENTIFIER
rucl marc code BD-RjUL
005 - DATE AND TIME OF LATEST TRANSACTION
control field 20211209052745.0
008 - FIXED-LENGTH DATA ELEMENTS--GENERAL INFORMATION
fixed length control field 160528s2000 bg a|||| |||| 00| 0 ben d
020 ## - INTERNATIONAL STANDARD BOOK NUMBER
International Standard Book Number 9848090010
Terms of availability : Tk. 240.00
035 ## - SYSTEM CONTROL NUMBER
System control number (BD-RjUL)38351
040 ## - CATALOGING SOURCE
Original cataloging agency BD-RjUL
Language of cataloging ben
Transcribing agency BD-RjUL
Modifying agency BD-RjUL
041 ## - LANGUAGE CODE
Language code of text/sound track or separate title ben
082 ## - DEWEY DECIMAL CLASSIFICATION NUMBER
Classification number 330.95492
Author mark and year KHB 2000
Edition number 23
100 ## - MAIN ENTRY--PERSONAL NAME
Personal name খান, মোঃ শামসুল কবীর
9 (RLIN) 117037
245 10 - TITLE STATEMENT
Title বাংলাদেশের অর্থনীতি /
Statement of responsibility, etc. মোঃ শামসুল কবীর খান
250 ## - EDITION STATEMENT
Edition statement ২য় পরিমার্জিত ও পরিবর্ধিত সং.
260 ## - PUBLICATION, DISTRIBUTION, ETC. (IMPRINT)
Place of publication, distribution, etc. ঢাকা :
Name of publisher, distributor, etc. বাংলাদেশ বিশ্ববিদ্যালয় মঞ্জুরী কমিশন,
Date of publication, distribution, etc. ২০০০.
300 ## - PHYSICAL DESCRIPTION
Pagination ৬১৪ পৃ. :
Illustrations চিত্র ;
Size ২১ সেমি.
490 ## - SERIES STATEMENT
Series statement বিমক প্রকাশনা ;
Volume/sequential designation নং ৬৮
651 ## - SUBJECT ADDED ENTRY--GEOGRAPHIC NAME
Geographic name বাংলাদেশ
General subdivision অর্থনৈতিক অবস্থা
9 (RLIN) 118245
Geographic name Bangladesh
General subdivision Economic conditions
9 (RLIN) 117417
830 ## - SERIES ADDED ENTRY--UNIFORM TITLE
Uniform title বিমক প্রকাশনা ;
Volume number/sequential designation নং ৬৮
942 ## - ADDED ENTRY ELEMENTS (KOHA)
Source of classification or shelving scheme Dewey Decimal Classification
Koha item type Books
Holdings
Lost status Source of classification or shelving scheme Damaged status Not for loan Collection code Permanent Location Current Location Shelving location Date acquired Source of acquisition Cost, normal purchase price Total Checkouts Total Renewals Full call number Date last seen Date checked out Copy number Koha item type
  Dewey Decimal Classification     Non-fiction Central Library, University of Rajshahi Central Library, University of Rajshahi   24/06/2001 বাংলাদেশ বিশ্ববিদ্যালয় মঞ্জুরী কমিশন, ঢাকা 240.00 5 1 B 330.95492 KHB 2000 05/05/2025 09/03/2025 C-2 Books
  Dewey Decimal Classification   Not For Loan Non-fiction Central Library, University of Rajshahi Central Library, University of Rajshahi Reading Room 24/06/2001 ঢাকা, বাংলাদেশ বিশ্ববিদ্যালয় মঞ্জুরী কমিশন 240.00     B 330.95492 KHB 2000 12/11/2015   C-1 Books
  Dewey Decimal Classification     Non-fiction Central Library, University of Rajshahi Central Library, University of Rajshahi   24/06/2001 ঢাকা, বাংলাদেশ বিশ্ববিদ্যালয় মঞ্জুরী কমিশন 240.00 2   B 330.95492 KHB 2000 01/03/2020 25/02/2020 C-3 Books
  Dewey Decimal Classification     Non-fiction Central Library, University of Rajshahi Central Library, University of Rajshahi   24/06/2001 ঢাকা, বাংলাদেশ বিশ্ববিদ্যালয় মঞ্জুরী কমিশন 240.00     B 330.95492 KHB 2000 12/11/2015   C-4 Books
  Dewey Decimal Classification     Non-fiction Central Library, University of Rajshahi Central Library, University of Rajshahi   24/06/2001 ঢাকা, বাংলাদেশ বিশ্ববিদ্যালয় মঞ্জুরী কমিশন 240.00     B 330.95492 KHB 2000 12/11/2015   C-5 Books
  Dewey Decimal Classification     Non-fiction Central Library, University of Rajshahi Central Library, University of Rajshahi   24/06/2001 ঢাকা, বাংলাদেশ বিশ্ববিদ্যালয় মঞ্জুরী কমিশন 240.00     B 330.95492 KHB 2000 12/11/2015   C-6 Books
  Dewey Decimal Classification     Non-fiction Central Library, University of Rajshahi Central Library, University of Rajshahi   24/06/2001 ঢাকা, বাংলাদেশ বিশ্ববিদ্যালয় মঞ্জুরী কমিশন 240.00 2   B 330.95492 KHB 2000 26/06/2022 21/06/2022 C-7 Books
  Dewey Decimal Classification     Non-fiction Central Library, University of Rajshahi Central Library, University of Rajshahi   24/06/2001 Bangladesh University Commision,Dhaka 240.00 1   B 330.95492 KHB 2000 10/04/2018 08/04/2018 C-8 Books
  Dewey Decimal Classification     Non-fiction Central Library, University of Rajshahi Central Library, University of Rajshahi   24/06/2001 University Grand Commission 240.00     B 330.95492 KHB 2000 20/07/2016   C-9 Books
  Dewey Decimal Classification     Non-fiction Central Library, University of Rajshahi Central Library, University of Rajshahi   24/06/2001 University Grand commision 240.00     B 330.95492 KHB 2000 07/08/2016   C-10 Books